[Event "Cebu City-ch"]
[Site "Cebu City"]
[Date "2024.04.14"]
[Round "7"]
[White "Pason, Allan"]
[Black "Natividad, Richard"]
[Result "1/2-1/2"]
[WhiteElo "2094"]
[BlackElo "2289"]
[PlyCount "112"]
[EventDate "2024.04.12"]
[EventType "tourn"]
[EventRounds "9"]
[EventCountry "PHI"]
[SourceTitle "CB18_2024"]
[SourceDate "2024.05.01"]
[SourceVersion "1"]
[SourceVersionDate "2024.05.01"]
[SourceQuality "2"]

1. e4 e5 2. Bc4 Nc6 3. Ne2 Bc5 4. 0-0 Qh4 5. c3 Nf6 6. d4 Bb6 7. Ng3 d6 8. Nd2 exd4 9. Nf3 Qg4 10. cxd4 0-0 11. h3 Qd7 12. Bb3 d5 13. e5 Ne4 14. Bc2 f6 15. exf6 Nxg3 16. fxg3 Rxf6 17. Kh2 Qd6 18. Bg5 Rf8 19. Ne5 g6 20. Bh6 Rf6 21. Nxc6 bxc6 22. Bf4 Qf8 23. Qe2 Bd7 24. Be5 Re8 25. Qd3 Rxf1 26. Rxf1 Qe7 27. Qd2 Rf8 28. Rxf8+ Qxf8 29. g4 Qe7 30. Qf4 Be6 31. Ba4 c5 32. a3 cxd4 33. b4 d3 34. Bb5 c5 35. Bd6 Qf7 36. Qxf7+ Kxf7 37. bxc5 Ba5 38. Bxd3 Bd7 39. Kg3 Bc3 40. Ba6 Bc6 41. Bb8 Bb2 42. a4 Bxa4 43. Bb7 Ke6 44. Bxa7 Bd4 45. Bb6 Bb5 46. Kf3 Bd3 47. Bc8+ Ke7 48. g3 Be4+ 49. Ke2 Kf7 50. Ba6 Ke6 51. Bb5 Ke7 52. g5 Ke6 53. h4 Kf7 54. g4 Ke7 55. h5 Ke6 56. Bd3 Ke7 1/2-1/2

[Event "Cebu City-ch"]
[Site "Cebu City"]
[Date "2024.04.12"]
[Round "2"]
[White "Pason, Allan"]
[Black "Ganzon, Rommel"]
[Result "1/2-1/2"]
[WhiteElo "2094"]
[BlackElo "2204"]
[PlyCount "61"]
[EventDate "2024.04.12"]
[EventType "tourn"]
[EventRounds "9"]
[EventCountry "PHI"]
[SourceTitle "CB18_2024"]
[SourceDate "2024.05.01"]
[SourceVersion "1"]
[SourceVersionDate "2024.05.01"]
[SourceQuality "2"]

1. e4 e6 2. d4 d5 3. exd5 exd5 4. Bd3 Bd6 5. Ne2 c6 6. Nd2 Ne7 7. Nf3 Bf5 8. c3 0-0 9. Bf4 Bxf4 10. Nxf4 Qd6 11. Qd2 Nd7 12. 0-0 Rae8 13. Rfe1 Bxd3 14. Nxd3 Ng6 15. Re2 Re4 16. Rae1 Rfe8 17. Ng5 Rxe2 18. Rxe2 Rxe2 19. Qxe2 Qe7 20. Qxe7 Nxe7 21. Kf1 h6 22. Nf3 f6 23. Ke2 Kf7 24. Nd2 Nf5 25. f3 h5 26. g3 Nd6 27. Nf4 g6 28. Kd3 Nf8 29. b3 Ne6 30. Nxe6 Kxe6 31. Nf1 1/2-1/2

[Event "PHI-ch"]
[Site "Mactan City"]
[Date "2021.12.14"]
[Round "11"]
[White "Concio, Michael Jr"]
[Black "Pason, Allan"]
[Result "0-1"]
[WhiteElo "2287"]
[BlackElo "1974"]
[PlyCount "64"]
[EventDate "2021.12.09"]
[EventType "tourn"]
[EventRounds "11"]
[EventCountry "PHI"]
[EventCategory "3"]
[SourceTitle "CBM 205 Extra"]
[Source "ChessBase"]
[SourceDate "2022.01.31"]
[SourceVersion "1"]
[SourceVersionDate "2022.01.31"]
[SourceQuality "1"]

1. g3 Nf6 2. Bg2 c6 3. Nf3 d5 4. 0-0 Nbd7 5. d3 e5 6. c3 Bc5 7. b4 Bb6 8. Bb2 0-0 9. Qc2 e4 10. dxe4 dxe4 11. Nd4 Qe7 12. Nd2 Bxd4 13. cxd4 Re8 14. e3 Nb6 15. a4 Bf5 16. Ba3 Qd7 17. Rfc1 Rac8 18. Nc4 Nxc4 19. Qxc4 Bh3 20. Bh1 Bg4 21. b5 Bf3 22. bxc6 Rxc6 23. Qb5 a6 24. Qg5 h6 25. Qh4 Bxh1 26. Kxh1 Rxc1+ 27. Rxc1 Qxa4 28. Bd6 Qd7 29. Ba3 b5 30. d5 Qxd5 31. Qf4 a5 32. Qc7 Qa2 0-1

[Event "PHI-ch"]
[Site "Mactan City"]
[Date "2021.12.13"]
[Round "9"]
[White "Frayna, Janelle Mae"]
[Black "Pason, Allan"]
[Result "1/2-1/2"]
[WhiteElo "2190"]
[BlackElo "1974"]
[PlyCount "83"]
[EventDate "2021.12.09"]
[EventType "tourn"]
[EventRounds "11"]
[EventCountry "PHI"]
[EventCategory "3"]
[SourceTitle "CBM 205 Extra"]
[Source "ChessBase"]
[SourceDate "2022.01.31"]
[SourceVersion "1"]
[SourceVersionDate "2022.01.31"]
[SourceQuality "1"]

1. d4 Nf6 2. c4 e6 3. g3 d5 4. Nf3 Nbd7 5. Nbd2 c5 6. cxd5 Nxd5 7. Bg2 Be7 8. 0-0 0-0 9. Ne4 b6 10. Bg5 cxd4 11. Qxd4 Bb7 12. Rfd1 h6 13. Bxe7 Qxe7 14. Nc3 N7f6 15. Nxd5 Bxd5 16. Ne5 Rfd8 17. Qa4 Qc7 18. Bxd5 Rxd5 19. Rxd5 Nxd5 20. Nd3 Qb7 21. Rc1 Rd8 22. a3 Ne7 23. Qf4 Rc8 24. h4 Rxc1+ 25. Qxc1 Nf5 26. Qc4 Nd6 27. Qc1 Nf5 28. Qc4 Nd6 29. Qd4 Qc7 30. g4 h5 31. f3 hxg4 32. fxg4 Nc4 33. Kg2 Qc6+ 34. Kh2 Qc7+ 35. Kg2 Qc6+ 36. Kh2 Qc7+ 37. Kh3 a5 38. h5 Qc6 39. Kh2 Qc7+ 40. Kh3 Qc6 41. Kh2 Qc7+ 42. Kh3 1/2-1/2

[Event "PHI-ch"]
[Site "Mactan City"]
[Date "2021.12.13"]
[Round "8"]
[White "Pason, Allan"]
[Black "Laylo, Darwin"]
[Result "0-1"]
[WhiteElo "1974"]
[BlackElo "2434"]
[PlyCount "72"]
[EventDate "2021.12.09"]
[EventType "tourn"]
[EventRounds "11"]
[EventCountry "PHI"]
[EventCategory "3"]
[SourceTitle "CBM 205 Extra"]
[Source "ChessBase"]
[SourceDate "2022.01.31"]
[SourceVersion "1"]
[SourceVersionDate "2022.01.31"]
[SourceQuality "1"]

1. d4 Nf6 2. Nf3 d5 3. c4 e6 4. e3 a6 5. Nbd2 c5 6. dxc5 Bxc5 7. a3 Nc6 8. b4 Ba7 9. Nb3 0-0 10. Bb2 Qe7 11. Be2 dxc4 12. Bxc4 e5 13. 0-0 Bg4 14. Be2 Rfd8 15. Nfd2 Bf5 16. Qe1 e4 17. Nc4 Ng4 18. Qc3 Qg5 19. Rad1 Nf6 20. Rxd8+ Rxd8 21. Rd1 Rxd1+ 22. Bxd1 h5 23. Nd6 Bh3 24. g3 h4 25. Qd2 Ne5 26. Nc5 hxg3 27. hxg3 Bxc5 28. bxc5 Be6 29. Be2 Neg4 30. Qd4 Qh5 31. Bxg4 Qxg4 32. Nc4 Qe2 33. Qd8+ Kh7 34. Bxf6 Bxc4 35. Be5 Qf1+ 36. Kh2 Qxf2+ 0-1

[Event "PHI-ch"]
[Site "Mactan City"]
[Date "2021.12.10"]
[Round "3"]
[White "Bersamina, Paulo"]
[Black "Pason, Allan"]
[Result "1-0"]
[WhiteElo "2461"]
[BlackElo "1974"]
[PlyCount "91"]
[EventDate "2021.12.09"]
[EventType "tourn"]
[EventRounds "11"]
[EventCountry "PHI"]
[EventCategory "3"]
[SourceTitle "CBM 205 Extra"]
[Source "ChessBase"]
[SourceDate "2022.01.31"]
[SourceVersion "1"]
[SourceVersionDate "2022.01.31"]
[SourceQuality "1"]

1. e4 c6 2. d4 d6 3. Nc3 e5 4. Nf3 Nd7 5. a4 Ngf6 6. Bc4 Be7 7. 0-0 h6 8. Re1 Qc7 9. Ba2 Nf8 10. Nh4 g6 11. a5 Ne6 12. Nf3 a6 13. dxe5 dxe5 14. Be3 Ng5 15. Nxg5 hxg5 16. Bxg5 Bg4 17. Qd3 Rh5 18. Be3 Kf8 19. f3 Bd7 20. Bb6 Qc8 21. Na4 Kg7 22. Nc5 Bxc5+ 23. Bxc5 Be6 24. Bxe6 Qxe6 25. h3 Rah8 26. Kf2 Rg5 27. Rg1 Nh5 28. Be3 Nf4 29. Bxf4 exf4 30. Qc3+ Re5 31. Rgd1 Re8 32. Rd2 Re7 33. Rad1 Qf6 34. Rd6 Qg5 35. Kf1 Kh7 36. Rd8 Qg3 37. Rf8 Qg5 38. Rd6 Kg7 39. Rdd8 R7e6 40. Rg8+ Kh7 41. Rh8+ Kg7 42. Rdg8+ Kf6 43. h4 Qg3 44. Re8 Qh2 45. Rxe6+ fxe6 46. Qd4 1-0

[Event "PHI-ch U18"]
[Site "San Antonio"]
[Date "2014.04.22"]
[Round "3"]
[White "Fagon, Romy"]
[Black "Pason, Allan"]
[Result "0-1"]
[WhiteElo "2058"]
[BlackElo "2051"]
[PlyCount "112"]
[EventDate "2014.04.21"]
[EventType "swiss"]
[EventRounds "13"]
[EventCountry "PHI"]
[SourceTitle "CBM 160 Extra"]
[Source "ChessBase"]
[SourceDate "2014.07.01"]
[SourceVersion "1"]
[SourceVersionDate "2014.07.01"]
[SourceQuality "1"]

1. d4 g6 2. Nf3 Bg7 3. Bf4 Nf6 4. e3 d6 5. Be2 b6 6. Nbd2 Bb7 7. c3 Nbd7 8. Qc2 c5 9. 0-0 0-0 10. Rfe1 Rc8 11. Rad1 Qc7 12. Bg3 a6 13. a4 Nh5 14. Bf1 Nxg3 15. hxg3 d5 16. Qb1 e5 17. dxe5 Nxe5 18. Nxe5 Bxe5 19. Nf3 Bg7 20. Rd2 Rcd8 21. Red1 Bc6 22. Qc2 a5 23. Be2 Rd6 24. c4 Rfd8 25. cxd5 Bxd5 26. Bc4 Bc6 27. b3 Bf6 28. Rxd6 Rxd6 29. Rxd6 Qxd6 30. Qd3 Qe7 31. Bd5 Bd7 32. Nd2 Be5 33. f4 Bc7 34. Qc3 h6 35. e4 Kh7 36. e5 Bf5 37. Qc4 Kg7 38. Qc3 f6 39. exf6+ Qxf6 40. Qe3 Qd4 41. Qxd4+ cxd4 42. Nc4 g5 43. fxg5 hxg5 44. Kf2 Kf6 45. Bf3 Bc2 46. Nd2 Kf5 47. g4+ Ke5 48. g3 Bd6 49. Nc4+ Ke6 50. Nxb6 Bxb3 51. Na8 Bxa4 52. Be4 Bb5 53. Nb6 Ke5 54. Bf3 Bc5 55. Nd5 Bc6 56. Nb4 d3+ 0-1